El Gasto social en el Presupuesto General de la Nación
সংরক্ষণ করুন:
| বিন্যাস: | পাঠ্য |
|---|---|
| বিষয়গুলি: | |
| ট্যাগগুলো: |
ট্যাগ যুক্ত করুন
কোনো ট্যাগ নেই, প্রথমজন হিসাবে ট্যাগ করুন!
|
MARC
| LEADER | 00000 a a2200000 04500 | ||
|---|---|---|---|
| 001 | 6003 | ||
| 003 | |||
| 040 | |||
| 245 | |a El Gasto social en el Presupuesto General de la Nación | ||
| 650 | |a PRESUPUESTO NACIONAL | ||
| 650 | |a GASTOS SOCIALES | ||
| 650 | |a POBREZA | ||
| 650 | |a FINANCIAMIENTO | ||
| 650 | |a ESTADO | ||
| 650 | |a MODERNIZACION | ||
| 650 | |a EQUIDAD SOCIAL | ||
| 773 | |g volumen 16, número 680; páginas 6-8 | ||
| 999 | |c 26193 |d 26193 | ||
